000 00687nam a2200205 i 4500
001 59261
003 ES-MaACL
007 t|
008 031028s1976 mx ||||1| spa d
020 _a84-375-0076-1
100 1 _aElliot, John H.
_947038
245 1 0 _aEntre el ver y el pensar
_b: la pintura y las escrituras pictográficas /
_cpor Jorge Elliot.
250 _a[1ª ed.].
260 _aMéxico :
_bFondo de Cultura Económica,
_c1976.
300 _a171 p. :
_bil. ;
_c18 cm.
490 1 _aBreviarios del Fondo de Cultura Económica ;
_v259
830 0 _aBreviarios del Fondo de Cultura Económica ;
_v259
_9179682
852 _aES-MaACL
_jL-8391
_bR.109122
999 _c59261
_d59261